000 00397nam a22001697a 4500
003 OSt
005 20260317123126.0
008 260317b |||||||| |||| 00| 0 eng d
040 _cFLL
041 _aHINDI
_dHINDI
100 _aKHETAN, TARUNAY
_91132307
245 _aHUM BHARAT KE LOG
250 _a1st
260 _aNEW DELHI
_bVANI PUBLICATION
_c2025
300 _a113
942 _2CC
_cTB
_n0
999 _c1715609
_d1715609